Catalog

Record Details

Catalog Search



Nightbird [CD/sound recording] : a collection of ... Read More

Yanni.(Author).

Available copies

  • 1 of 1 copy available at LARL/NWRL Consortium.

Current holds

0 current holds with 1 total copy.

Show All Copies
Location Call Number / Copy Notes Barcode Shelving Location Status Due Date
Red Lake Falls Public Library MA YANN NIG Y92 (Text) 35500006337826 Main Available -

Record details

  • Physical Description: 1 sound disc : digital ; 4 3/4 in.
  • Publisher: New York : BMG Special Products, p1997.

Content descriptions

General Note:
Compact disc.
New Age music.
Selections previously released.
Formatted Contents Note:
North shore of Matsushima -- Point of origin -- ... Read More
Participant or Performer Note:
Yanni, performer.
Subject: Popular instrumental music > 1981-1990.
Genre: New Age music.
LDR 01443cjm a2200349 a 4500
00125527
003LARL_NWRL_CONSORTIUM
007sd|fsngnnmmnee
008980309r1997198unyuppn d
0241 . ‡a755174457920
02802. ‡a44579-2 ‡bBMG Special Products
035 . ‡a(OCoLC)438178
043 . ‡an-us---
090 . ‡aM178.Y33 ‡bN55 1997
092 . ‡a781.64 ‡bY24
098 . ‡aMA ‡aYANN ‡aNIG ‡aY92
09814. ‡aMA/YANN/NIG/Y 79
1000 . ‡aYanni. ‡0(LARL_NWRL_CONSORTIUM)9015
24510. ‡aNightbird ‡h[CD/sound recording] : ‡ba collection of Yanni favorites including "Chasing shadows" and "Days of summer" / ‡cYanni.
24630. ‡aCollection of Yanni favorites including "Chasing shadows" and "Days of summer"
260 . ‡aNew York : ‡bBMG Special Products, ‡cp1997.
300 . ‡a1 sound disc : ‡bdigital ; ‡c4 3/4 in.
4900 . ‡aEncore collection
500 . ‡aCompact disc.
500 . ‡aNew Age music.
500 . ‡aSelections previously released.
5050 . ‡aNorth shore of Matsushima -- Point of origin -- Within attraction -- Dance with a strange -- Chasing shadows -- Days of summer -- Nightbird.
5110 . ‡aYanni, performer.
655 0. ‡aNew Age music.
650 0. ‡aPopular instrumental music ‡y1981-1990. ‡0(LARL_NWRL_CONSORTIUM)36129
901 . ‡a25527 ‡bOCLC ‡c25527 ‡tbiblio

Additional Resources